000 00374nam a2200169Ia 4500
003 0STCL
008 150530s9999 xx 000 0 und d
040 _aSTCL
_cSTCL
100 _aRajesariah, M. Ed
245 _aPadya Prijat
260 _bPrasad Pustak Mandir
_c1969
300 _a0
546 _aHindi
942 _2ddc
_cBK
999 _c62692
_d62692
005 20220125171212.0